[Event "Online Olym Disabilities"]
[Site "Tornelo INT"]
[Date "2020.11.21"]
[Round "1.7"]
[White "Tuka, Oleg"]
[Black "Sargissyan, Sargis"]
[Result "0-1"]
[WhiteElo "2340"]
[BlackElo "2269"]
[PlyCount "134"]
[EventDate "2020.11.21"]
[EventType "team-swiss (rapid)"]
[EventRounds "7"]
[EventCountry "NET"]
[SourceTitle "CBM 199 Extra"]
[Source "ChessBase"]
[SourceDate "2021.01.31"]
[SourceVersion "1"]
[SourceVersionDate "2021.01.31"]
[SourceQuality "1"]
[WhiteTeam "Ukraine"]
[BlackTeam "Armenia"]
[WhiteTeamCountry "UKR"]
[BlackTeamCountry "ARM"]

1. d4 Nf6 2. c4 g6 3. Nc3 d5 4. Nf3 Bg7 5. Bg5 Ne4 6. cxd5 Nxg5 7. Nxg5 e6 8. Qd2 exd5 9. Qe3+ Kf8 10. Qf4 Bf6 11. h4 Kg7 12. 0-0-0 h6 13. Nf3 Be6 14. e3 Nd7 15. Bd3 c5 16. dxc5 Nxc5 17. Nd4 Rc8 18. Bc2 h5 19. e4 dxe4 20. Nf5+ Bxf5 21. Rxd8 Rhxd8 22. Rd1 Nd3+ 23. Bxd3 Bxc3 24. bxc3 exd3 25. Kd2 Rc5 26. Rb1 Ra5 27. a4 b6 28. Rb5 Rxb5 29. axb5 Re8 30. c4 Re4 31. Qd6 Rxc4 32. f3 Rc2+ 33. Kd1 Rxg2 34. Qe5+ Kh7 35. Qc7 Be6 36. Qc3 Bf5 37. Qc7 Be6 38. Qc3 d2 39. Qd3 Rh2 40. Qc3 Rf2 41. Qe3 Rxf3 42. Qxd2 Rf5 43. Qb4 Bd7 44. Qe7 Bxb5 45. Qxa7 Rf6 46. Qe7 Ba4+ 47. Kd2 Rf5 48. Qb4 b5 49. Ke3 Kg8 50. Qd4 Bb3 51. Qd8+ Kh7 52. Qd4 Bc4 53. Qd6 Rf1 54. Qb6 Rf5 55. Qb7 Kg7 56. Qb6 Be6 57. Qd4+ Kh7 58. Qb6 Rd5 59. Qb8 Rc5 60. Kd2 Rc4 61. Qxb5 Rxh4 62. Ke3 Rg4 63. Qe5 h4 64. Qh2 Ra4 65. Qh1 h3 66. Qh2 Rh4 67. Qc2 h2 0-1

[Event "IBCA EU-chT blind 2nd"]
[Site "Calimanesti"]
[Date "2019.10.09"]
[Round "5.1"]
[White "Tuka, Oleg"]
[Black "Tazbir, Marcin"]
[Result "1/2-1/2"]
[WhiteElo "2345"]
[BlackElo "2529"]
[PlyCount "36"]
[EventDate "2019.10.05"]
[EventType "team-swiss"]
[EventRounds "9"]
[EventCountry "ROU"]
[SourceTitle "CBM 192 Extra"]
[Source "Chessbase"]
[SourceDate "2019.11.06"]
[SourceVersion "1"]
[SourceVersionDate "2019.11.06"]
[SourceQuality "1"]
[WhiteTeam "Ukraine"]
[BlackTeam "Poland II"]
[WhiteTeamCountry "UKR"]
[BlackTeamCountry "POL"]

1. d4 Nf6 2. c4 g6 3. Nc3 Bg7 4. e4 d6 5. f3 0-0 6. Be3 a6 7. Bd3 Nbd7 8. Nge2 c6 9. a4 e5 10. d5 Nc5 11. Bc2 a5 12. 0-0 Na6 13. Rc1 cxd5 14. cxd5 Nd7 15. Nb5 Ndc5 16. Bb1 Qe7 17. Nec3 b6 18. Na3 Rb8 1/2-1/2

[Event "IBCA EU-chT blind 2nd"]
[Site "Calimanesti"]
[Date "2019.10.06"]
[Round "2.1"]
[White "Tuka, Oleg"]
[Black "Boer, Jan"]
[Result "1-0"]
[WhiteElo "2345"]
[BlackElo "1695"]
[PlyCount "83"]
[EventDate "2019.10.05"]
[EventType "team-swiss"]
[EventRounds "9"]
[EventCountry "ROU"]
[SourceTitle "CBM 192 Extra"]
[Source "Chessbase"]
[SourceDate "2019.11.06"]
[SourceVersion "1"]
[SourceVersionDate "2019.11.06"]
[SourceQuality "1"]
[WhiteTeam "Ukraine"]
[BlackTeam "Netherlands"]
[WhiteTeamCountry "UKR"]
[BlackTeamCountry "NED"]

1. c4 Nf6 2. Nc3 e6 3. e4 d5 4. e5 d4 5. exf6 dxc3 6. bxc3 Qxf6 7. Nf3 b6 8. d4 h6 9. Be2 Bb7 10. 0-0 Bd6 11. Ba3 Bxa3 12. Qa4+ Nd7 13. Qxa3 c5 14. Qa4 Qe7 15. Ne5 Rd8 16. Nc6 Bxc6 17. Qxc6 0-0 18. Rfd1 Rc8 19. Qb7 a5 20. dxc5 Rfd8 21. Bf3 Rb8 22. Qa7 Kf8 23. cxb6 Nxb6 24. Rxd8+ Qxd8 25. Qxa5 Nxc4 26. Qc5+ Nd6 27. Rd1 Ke7 28. a4 Rc8 29. Qa3 Qc7 30. a5 Qc5 31. Qb4 Nb5 32. a6 Nxc3 33. Qxc5+ Rxc5 34. Ra1 Nb5 35. a7 Nxa7 36. Rxa7+ Kf8 37. g3 Rc1+ 38. Kg2 g5 39. Bh5 Kg7 40. Rxf7+ Kg8 41. Rf6 Kh7 42. Rxe6 1-0

[Event "IBCA EU-chT blind 2nd"]
[Site "Calimanesti"]
[Date "2019.10.05"]
[Round "1.1"]
[White "Nizam, Rasim"]
[Black "Tuka, Oleg"]
[Result "0-1"]
[WhiteElo "2147"]
[BlackElo "2345"]
[PlyCount "86"]
[EventDate "2019.10.05"]
[EventType "team-swiss"]
[EventRounds "9"]
[EventCountry "ROU"]
[SourceTitle "CBM 192 Extra"]
[Source "Chessbase"]
[SourceDate "2019.11.06"]
[SourceVersion "1"]
[SourceVersionDate "2019.11.06"]
[SourceQuality "1"]
[WhiteTeam "Bulgaria"]
[BlackTeam "Ukraine"]
[WhiteTeamCountry "BUL"]
[BlackTeamCountry "UKR"]

1. e4 c5 2. Nf3 e6 3. d4 cxd4 4. Nxd4 a6 5. Bd3 Qc7 6. 0-0 Nf6 7. Qe2 Bd6 8. f4 Bc5 9. c3 Nc6 10. Be3 Qb6 11. Nc2 Bxe3+ 12. Qxe3 Qxe3+ 13. Nxe3 d6 14. Nc4 Ke7 15. Nb6 Rb8 16. Nd2 Rd8 17. Rad1 Bd7 18. Ndc4 Ne8 19. Bc2 Na7 20. a4 Nc8 21. Nxd7 Rxd7 22. f5 b5 23. fxe6 fxe6 24. axb5 axb5 25. Ne3 Rc7 26. Rf3 Nb6 27. Rdf1 Nf6 28. g4 h6 29. h4 Nbd7 30. g5 hxg5 31. hxg5 Ne8 32. Rf7+ Kd8 33. Bb3 Nc5 34. Rxc7 Nxc7 35. Rf8+ Ne8 36. Bc2 Ke7 37. Rh8 Nd7 38. Ng4 b4 39. Ba4 bxc3 40. bxc3 Rc8 41. Bxd7 Kxd7 42. e5 Rxc3 43. exd6 Rg3+ 0-1

[Event "IBCA Wch blind 14th"]
[Site "Cagliari"]
[Date "2019.04.13"]
[Round "8"]
[White "Streltsov, Alexey"]
[Black "Tuka, Oleg"]
[Result "1-0"]
[WhiteElo "2131"]
[BlackElo "2367"]
[PlyCount "113"]
[EventDate "2019.04.06"]
[EventType "swiss"]
[EventRounds "9"]
[EventCountry "ITA"]
[SourceTitle "CBM 189 Extra"]
[Source "ChessBase"]
[SourceDate "2019.05.31"]
[SourceVersion "1"]
[SourceVersionDate "2019.05.31"]
[SourceQuality "1"]

1. e4 c5 2. Nf3 e6 3. c4 Nc6 4. Nc3 Nf6 5. Be2 a6 6. 0-0 Be7 7. d4 cxd4 8. Nxd4 Qc7 9. Be3 0-0 10. Rc1 d6 11. Qd2 Bd7 12. f3 Qb8 13. b3 Nxd4 14. Bxd4 b5 15. Nd1 Rc8 16. Ne3 Bc6 17. Rfd1 Nd7 18. Kh1 b4 19. Ng4 a5 20. Bd3 e5 21. Bf2 Nc5 22. h4 Ne6 23. Ne3 g6 24. Bc2 Nd4 25. Ng4 h5 26. Nh2 Bf6 27. g4 hxg4 28. Nxg4 Bg7 29. Bxd4 exd4 30. Qg5 Re8 31. Nf6+ Bxf6 32. Qxf6 Qd8 33. Qxd8 Raxd8 34. Rxd4 Kf8 35. Kg2 Ke7 36. Kg3 Rh8 37. Rcd1 Rh5 38. R1d2 Bb7 39. Bd1 Rhh8 40. f4 Bc6 41. Bf3 f6 42. e5 Bxf3 43. exd6+ Kd7 44. Kxf3 Rxh4 45. Rd5 a4 46. bxa4 Re8 47. Rb5 Rh3+ 48. Kg2 Reh8 49. Rb7+ Ke6 50. Re7+ Kf5 51. Kf2 Rc3 52. Ree2 Rh1 53. d7 Rch3 54. Rd5+ Kg4 55. d8Q Rf3+ 56. Kg2 Rff1 57. Rg5+ 1-0

[Event "Chernigov"]
[Site "Chernigov"]
[Date "2005.01.24"]
[Round "3"]
[White "Krupko, Alexey"]
[Black "Tuka, Oleg"]
[Result "0-1"]
[WhiteElo "2178"]
[BlackElo "2297"]
[PlyCount "70"]
[EventDate "2005.01.22"]
[EventType "tourn"]
[EventRounds "15"]
[EventCountry "UKR"]
[EventCategory "3"]
[SourceTitle "CBM 104 Extra"]
[Source "ChessBase"]
[SourceDate "2005.03.01"]
[SourceVersion "1"]
[SourceVersionDate "2005.03.01"]
[SourceQuality "1"]

1. e4 c5 2. Nf3 Nc6 3. d4 cxd4 4. Nxd4 Nf6 5. Nc3 e5 6. Ndb5 d6 7. Bg5 a6 8. Na3 b5 9. Nd5 Be7 10. Bxf6 Bxf6 11. c3 0-0 12. Be2 Bg5 13. Nc2 Rb8 14. Nce3 Ne7 15. 0-0 Bb7 16. Bf3 Bxe3 17. Nxe3 Qd7 18. Bg4 Qc7 19. Qd3 Rbd8 20. Bf3 d5 21. Nxd5 Nxd5 22. exd5 f5 23. Qc2 e4 24. Be2 Bxd5 25. a4 Qb6 26. Rfd1 e3 27. Rd4 exf2+ 28. Kxf2 Bc6 29. Qb3+ Kh8 30. Rad1 Rxd4 31. Rxd4 Re8 32. axb5 axb5 33. Bf3 Bxf3 34. Kxf3 Qh6 35. Qxb5 Qe3# 0-1

[Event "UKR tt"]
[Site "Alushta"]
[Date "2003.??.??"]
[Round "7"]
[White "Piankov, Evgenij"]
[Black "Tuka, Oleg"]
[Result "0-1"]
[WhiteElo "2370"]
[BlackElo "2297"]
[PlyCount "90"]
[EventDate "2003.??.??"]
[EventType "team-tourn"]
[EventRounds "7"]
[EventCountry "UKR"]
[SourceTitle "EXT 2005"]
[Source "ChessBase"]
[SourceDate "2004.11.15"]
[SourceVersion "1"]
[SourceVersionDate "2004.11.15"]
[SourceQuality "1"]

1. d4 Nf6 2. Nf3 g6 3. Bg5 Bg7 4. Nbd2 d5 5. e3 c5 6. c3 b6 7. Ne5 0-0 8. Bd3 Ba6 9. Bxa6 Nxa6 10. 0-0 Qc8 11. Rc1 Qb7 12. Qf3 Ne4 13. Nxe4 dxe4 14. Qh3 f6 15. Qe6+ Kh8 16. Nf7+ Rxf7 17. Qxf7 fxg5 18. Qe6 Rf8 19. Rcd1 Rf6 20. Qg4 Rf5 21. d5 Nc7 22. d6 exd6 23. Rxd6 h5 24. Qe2 Kh7 25. Rfd1 Nd5 26. Qc4 Nf6 27. Qe6 g4 28. Rc6 h4 29. Qd6 Qa6 30. Qd2 Rd5 31. Qc2 Rd3 32. Rd6 Rxd6 33. Rxd6 Qxa2 34. h3 g3 35. f3 Qf7 36. f4 Qa2 37. Rd1 a5 38. c4 a4 39. Rc1 Ne8 40. Qxe4 Qxb2 41. Rf1 Nd6 42. Qf3 a3 43. e4 Qd4+ 44. Kh1 Nxe4 45. f5 Nf2+ 0-1

[Event "UKR tt"]
[Site "Alushta"]
[Date "2003.??.??"]
[Round "5"]
[White "Tuka, Oleg"]
[Black "Kovchan, Alexander"]
[Result "0-1"]
[WhiteElo "2297"]
[BlackElo "2536"]
[PlyCount "46"]
[EventDate "2003.??.??"]
[EventType "team-tourn"]
[EventRounds "7"]
[EventCountry "UKR"]
[SourceTitle "EXT 2005"]
[Source "ChessBase"]
[SourceDate "2004.11.15"]
[SourceVersion "1"]
[SourceVersionDate "2004.11.15"]
[SourceQuality "1"]

1. c4 g6 2. Nc3 c5 3. g3 Bg7 4. Bg2 Nc6 5. Nf3 e5 6. d3 Nge7 7. 0-0 0-0 8. Ne1 d6 9. Nc2 Be6 10. Rb1 d5 11. cxd5 Nxd5 12. Ne3 Nde7 13. a3 f5 14. Na4 b6 15. b3 Rc8 16. Bb2 Nd4 17. Ba1 f4 18. Bxd4 cxd4 19. Nc2 b5 20. Nb2 Bxb3 21. Rc1 fxg3 22. hxg3 Bh6 23. f4 Nf5 0-1